000 01178cam a2200313 a 4500
001 1635792
003 ARRUPE
005 20130919170231.0
008 960719s1996 nyu b 000 0 eng
010 _a 96033184
020 _a0824515366 (pbk.)
040 _aDLC
_cDLC
_dDLC
041 1 _aeng
_hger
050 0 0 _aBX1969
_b.R3813 1996
082 0 0 _a264/.02/001
_220
100 0 _aBenedict
_bXVI,
_cPope,
_d1927-
_9769
240 1 0 _aNeues Lied für den Herrn.
_lEnglish
245 1 2 _aA new song for the Lord :
_bfaith in Christ and liturgy today /
_cJoseph Cardinal Ratzinger ; translated from the German by Martha M. Matesich.
260 _aNew York :
_bCrossroad Pub.,
_c1996.
300 _ax, 178 p. ;
_c23 cm.
500 _a"A Crossroad Herder book."
504 _aIncludes bibliographical references.
610 2 0 _aCatholic Church
_xLiturgy.
_9770
610 2 0 _aCatholic Church
_xDoctrines.
_9771
650 0 _aPublic worship
_xCatholic Church.
_9772
906 _a7
_bcbc
_corignew
_d1
_eocip
_f19
_gy-gencatlg
942 _2lcc
_cMONOGRAPH
999 _c117928
_d117928